| 000 -LEADER |
| fixed length control field |
01734pab a2200181 454500 |
| 008 - FIXED-LENGTH DATA ELEMENTS--GENERAL INFORMATION |
| fixed length control field |
180718b2005 xxu||||| |||| 00| 0 eng d |
| 100 ## - MAIN ENTRY--PERSONAL NAME |
| Personal name |
Barrett, Gene et al. |
| 245 ## - TITLE STATEMENT |
| Title |
"Naide es Profeta en su Tierra": community, civil society, and intervening institutions in rural Chile |
| 260 ## - PUBLICATION, DISTRIBUTION, ETC. |
| Date of publication, distribution, etc. |
2005 |
| 300 ## - PHYSICAL DESCRIPTION |
| Extent |
p.89-102. |
| 362 ## - DATES OF PUBLICATION AND/OR SEQUENTIAL DESIGNATION |
| Dates of publication and/or sequential designation |
Spring |
| 520 ## - SUMMARY, ETC. |
| Summary, etc. |
In this article we examine community level civil society in Chiloe, Chile. We look at the interface between community and the wider systemic environment in the community development process. Issues such as the paradox of community solidarity, culture of dependence, obstacles to grass-roots participation, and leadership are examined in the community context. These issues are set in relief against a systemic environment comprised of traditional municipal politics and modernist "intervening" agencies of the state. We refer to the case of one organization. Pro Rural, to examine the successes and failures of an interventionist strategy in Chile. Our central argument is that structural powerlessness, and dependent relations on the state, are reproduced through traditional cultural patterns in small community settings. These obstacles can be overcome through the development of leadership capacity and small project successes which in time stimulate new cultural patterns. The role of intervening organizations in this process is vital. But such organizations have to adopt a long-term, capacity-building strategy based on flexible and responsive relationship with their constituencies. - Reproduced. |
| 650 ## - SUBJECT ADDED ENTRY--TOPICAL TERM |
| Topical term or geographic name entry element |
Civil society - Chile |
| 650 ## - SUBJECT ADDED ENTRY--TOPICAL TERM |
| Topical term or geographic name entry element |
Community development - Chile |
| 650 ## - SUBJECT ADDED ENTRY--TOPICAL TERM |
| Topical term or geographic name entry element |
Community development |
| 773 ## - HOST ITEM ENTRY |
| Main entry heading |
Human Organization |
| 909 ## - |
| -- |
64671 |